The Muppet Show Guest Stars Quiz Stats

Quiz Updated Oct 17, 2013

Challenge
Share
Tweet
Score 0/20 Timer 05:00
7 Plays Today
% Correct
Sylvester Stallone
89.9%
Elton John
88.9%
Steve Martin
87.3%
Alice Cooper
85.4%
Johnny Cash
78.6%
Julie Andrews
75.9%
Kenny Rogers
74.8%
Mark Hamill
72.3%
Brooke Shields
71.2%
Paul Simon
69.1%
% Correct
Vincent Price
51.3%
Marty Feldman
41.3%
Danny Kaye
39%
Dom Deluise
38.4%
Andy Williams
36.9%
Twiggy
33.1%
Loretta Swit
32.2%
Kris Kristofferson
29.1%
Leo Sayer
27.7%
Lena Horne
24.3%

You're not logged in!

Compare scores with friends on all Sporcle quizzes.
Join for Free
OR
Log In

You Might Also Like...

Show Comments

Extras

Top Quizzes Today


Score Distribution

Your Account Isn't Verified!

In order to create a playlist on Sporcle, you need to verify the email address you used during registration. Go to your Sporcle Settings to finish the process.

Report this User

Report this user for behavior that violates our Community Guidelines.

Details: